UBT Library

The Wadsworth handbook / (Record no. 42842)

000 -LEADER
fixed length control field 00624cam a2200217 a 4500
001 - CONTROL NUMBER
control field 13483647
005 - DATE AND TIME OF LATEST TRANSACTION
control field 20180216090758.0
008 - FIXED-LENGTH DATA ELEMENTS--GENERAL INFORMATION
fixed length control field 040206s2005 maua 001 0 eng
010 ## - LIBRARY OF CONGRESS CONTROL NUMBER
LC control number 2004101786
020 ## - INTERNATIONAL STANDARD BOOK NUMBER
International Standard Book Number 1413001920 (InfoTrac college ed.)
040 ## - CATALOGING SOURCE
Original cataloging agency DLC
Transcribing agency DLC
Modifying agency DLC
041 ## - LANGUAGE CODE
Language code of text/sound track or separate title eng
080 ## - UNIVERSAL DECIMAL CLASSIFICATION NUMBER
Universal Decimal Classification number 808.042 KIR
082 00 - DEWEY DECIMAL CLASSIFICATION NUMBER
Classification number 808.042 KIR
Edition number 22
100 1# - Rafti
Rafti 47
101 ## - Shkurtesa
Shkurtesa EDU
245 14 - TITLE STATEMENT
Title The Wadsworth handbook /
Statement of responsibility, etc Laurie G. Kirszner, Stephen R. Mandell.
906 ## - LOCAL DATA ELEMENT F, LDF (RLIN)
a 7
b cbc
c orignew
d 2
e epcn
f 20
g y-gencatlg
942 ## - ADDED ENTRY ELEMENTS (KOHA)
Source of classification or shelving scheme
Item type Books
Holdings
Withdrawn status Lost status Source of classification or shelving scheme Damaged status Not for loan Collection code Permanent location Current location Shelving location Date acquired Total Checkouts Full call number Barcode Date last seen Price effective from Koha item type
          Koleksioni i përgjithshem UBT - Lipjan UBT - Lipjan Koleksioni i përgjithshem 02/16/2018   808.042 KIR 002-2998351 02/16/2018 02/16/2018 Books
UBT Library © 2015-2024. All rights reserved University Education for Business and Technology